000 00416nam a2200169Ia 4500
008 230524s9999 xx 000 0 und d
020 _a8174464972
082 _a658.133
_bBHA
100 _aDipak Kumar Bhattacharyya
245 0 _aResearch Methodology
250 _a2ND
260 _aNEW DELHI
_bExcel Books
_c2006
300 _aXIII;397
500 _aQuantity Number: 7
650 _aManagement
942 _cBK
999 _c42376
_d42376